Avances en la prevención y atención de los niños víctimas de violencia en el entorno familiar.

Guardado en:
Bibliografiske detaljer
Hovedforfatter: D'Alessandre, Vanessa (autor)
Format: Bog
Sprog:spansk
Serier:(Cuaderno; 7)
Fag:
Online adgang:Ver documento en línea
Tags: Tilføj Tag
Ingen Tags, Vær først til at tagge denne postø!

MARC

LEADER 00000nam^a2200000^u^4500
001 000531381
005 20260414000000.0
008 141007s10001000^^^^cr^^r^^^^^000^0^spa^d
009 20260414194846.096
022 |a 19996179 
035 |a FCE 000075629 
037 |a Acervo ITESO - Biblioteca 
041 |a spa 
095 |a 884 
100 |a D'Alessandre, Vanessa  |e (autor) 
245 1 0 |a Avances en la prevención y atención de los niños víctimas de violencia en el entorno familiar. 
264 |a Buenos Aires:  |b SITEAL,  |c 2014. 
300 |a 35 p. 
336 |a texto  |b txt  |2 rdacontenido 
337 |a sin mediación  |b n  |2 rdamedio 
338 |a volumen  |b nc  |2 rdasoporte 
440 1 |a (Cuaderno; 7) 
649 |a XX 
650 |a Prevención 
650 |a Niños 
650 |a Violencia familiar 
856 4 0 |u https://www.sipi.siteal.org/sites/default/files/sipi_publicacion/sipi_cuaderno_violencia_familiar_v1.pdf  |y Ver documento en línea 
910 |a Fondo Centro de Estudios Educativos 
920 |a Impresos - Libros 
930 |a Fondos Especiales 
905 |a 133 
902 |a https://opac.biblio.iteso.mx/vufind/Record/000531381